[Event "Noisiel op 8th"]
[Site "Noisiel"]
[Date "2023.02.21"]
[Round "6"]
[White "Mouhamad, Joachin"]
[Black "Lazov, Toni"]
[Result "0-1"]
[WhiteElo "2244"]
[BlackElo "2348"]
[PlyCount "82"]
[EventDate "2023.02.18"]
[EventType "swiss"]
[EventRounds "9"]
[EventCountry "FRA"]
[SourceTitle "CBM 212 Extra"]
[Source "ChessBase"]
[SourceDate "2023.03.31"]
[SourceVersion "1"]
[SourceVersionDate "2023.03.31"]
[SourceQuality "1"]

1. e4 c5 2. Nf3 d6 3. d4 Nf6 4. Nc3 cxd4 5. Nxd4 a6 6. f3 e5 7. Nb3 Be6 8. Be3 Nbd7 9. Qd2 h5 10. Nd5 Bxd5 11. exd5 Be7 12. Be2 0-0 13. Na5 Qb8 14. 0-0 Bd8 15. c4 Bb6 16. Bxb6 Nxb6 17. b4 Nbd7 18. Qe3 Qc7 19. Rac1 b6 20. Nc6 Nb8 21. g4 Nxc6 22. dxc6 Qxc6 23. g5 Nd7 24. Bd3 f5 25. gxf6 Nxf6 26. Rc2 a5 27. a3 axb4 28. axb4 Ra4 29. Rg2 Rxb4 30. Qh6 Rf7 31. Bf5 Rb2 32. Qc1 Rxg2+ 33. Kxg2 Kf8 34. Qa3 g6 35. Bb1 e4 36. fxe4 Ng4 37. Rd1 Rf6 38. h3 Qxc4 39. Bd3 Ne3+ 40. Kh1 Qe6 41. Qa8+ Kg7 0-1

[Event "Noisiel op 8th"]
[Site "Noisiel"]
[Date "2023.02.19"]
[Round "3"]
[White "Lazov, Toni"]
[Black "Priyanka, Nutakki"]
[Result "1-0"]
[WhiteElo "2348"]
[BlackElo "2302"]
[PlyCount "71"]
[EventDate "2023.02.18"]
[EventType "swiss"]
[EventRounds "9"]
[EventCountry "FRA"]
[SourceTitle "CBM 212 Extra"]
[Source "ChessBase"]
[SourceDate "2023.03.31"]
[SourceVersion "1"]
[SourceVersionDate "2023.03.31"]
[SourceQuality "1"]

1. e4 c6 2. Nc3 d5 3. Qf3 d4 4. Bc4 Nf6 5. e5 dxc3 6. exf6 exf6 7. dxc3 Bd6 8. Qe3+ Qe7 9. Ne2 Nd7 10. f4 Nb6 11. Bb3 Bg4 12. a4 Qxe3 13. Bxe3 0-0 14. Kf2 Rfe8 15. Rhe1 Nd7 16. h3 Bxe2 17. Rxe2 Nc5 18. Rd1 Bf8 19. Kf3 h5 20. Bxc5 Bxc5 21. Rd7 Rxe2 22. Bxf7+ Kh7 23. Kxe2 Rb8 24. Bxh5 a5 25. c4 Kh6 26. Bf7 Bg1 27. Kf3 Bc5 28. h4 f5 29. h5 Bf8 30. Bg6 Bc5 31. Rf7 Re8 32. Rxf5 Re3+ 33. Kg4 b6 34. Rf7 Re2 35. g3 Re3 36. Rc7 1-0

[Event "Skopje op"]
[Site "Skopje"]
[Date "2022.10.21"]
[Round "1"]
[White "Mishevski, Blagoj"]
[Black "Lazov, Toni"]
[Result "0-1"]
[WhiteElo "1581"]
[BlackElo "2350"]
[PlyCount "48"]
[EventDate "2022.10.21"]
[EventType "swiss"]
[EventRounds "9"]
[EventCountry "MKD"]
[SourceTitle "EXT 2024"]
[Source "ChessBase"]
[SourceDate "2023.10.10"]
[SourceVersion "1"]
[SourceVersionDate "2023.10.10"]
[SourceQuality "1"]

1. d4 Nf6 2. f4 g6 3. Nf3 Bg7 4. e3 0-0 5. Bd3 d6 6. 0-0 Nc6 7. c3 e5 8. Qc2 Qe7 9. fxe5 dxe5 10. Bb5 e4 11. Bxc6 bxc6 12. Ne5 Ng4 13. Nxc6 Qd6 14. Ne5 Bxe5 15. dxe5 Qxe5 16. g3 Ba6 17. Rf4 Bd3 18. Qa4 Qh5 19. h4 Ne5 20. Kg2 f5 21. Na3 g5 22. Qb3+ Kg7 23. hxg5 Ng4 24. Rxg4 fxg4 0-1

[Event "Olympiad-44"]
[Site "Chennai"]
[Date "2022.08.05"]
[Round "7.3"]
[White "Christiansen, Johan Sebastian"]
[Black "Lazov, Toni"]
[Result "0-1"]
[WhiteElo "2593"]
[BlackElo "2374"]
[PlyCount "74"]
[EventDate "2022.07.29"]
[EventType "team-swiss"]
[EventRounds "11"]
[EventCountry "IND"]
[SourceTitle "CBM 210"]
[Source "ChessBase"]
[SourceDate "2022.10.31"]
[SourceVersion "1"]
[SourceVersionDate "2022.10.31"]
[SourceQuality "1"]
[WhiteTeam "Norway"]
[BlackTeam "North Macedonia"]
[WhiteTeamCountry "NOR"]
[BlackTeamCountry "MKD"]

1. Nf3 d6 2. c4 g6 3. Nc3 Bg7 4. g3 Nf6 5. Bg2 0-0 6. 0-0 e5 7. d3 a5 8. b3 Re8 9. e4 Bg4 10. h3 Bxf3 11. Bxf3 Nc6 12. Bg2 Nd7 13. Rb1 Nc5 14. a3 Ne6 15. Be3 Ncd4 16. Qd2 c6 17. Ne2 Nxe2+ 18. Qxe2 f5 19. f4 exf4 20. gxf4 Qh4 21. Kh1 Re7 22. Bf2 Qxf4 23. exf5 gxf5 24. Qh5 Rf7 25. Rbe1 Be5 26. Bg1 Qg3 27. d4 Nxd4 28. c5 Rg7 29. Rf2 dxc5 30. Qh6 Bc7 31. Qc1 f4 32. Be4 f3 33. Qxc5 Ne2 34. Bh2 Qxh3 35. Qc4+ Kh8 36. Bxf3 Ng3+ 37. Kg1 Ne4+ 0-1

[Event "Olympiad-44"]
[Site "Chennai"]
[Date "2022.07.31"]
[Round "3.3"]
[White "Lazov, Toni"]
[Black "De Silva, LMST"]
[Result "1/2-1/2"]
[WhiteElo "2374"]
[BlackElo "2212"]
[PlyCount "63"]
[EventDate "2022.07.29"]
[EventType "team-swiss"]
[EventRounds "11"]
[EventCountry "IND"]
[SourceTitle "CBM 210"]
[Source "ChessBase"]
[SourceDate "2022.10.31"]
[SourceVersion "1"]
[SourceVersionDate "2022.10.31"]
[SourceQuality "1"]
[WhiteTeam "North Macedonia"]
[BlackTeam "Sri Lanka"]
[WhiteTeamCountry "MKD"]
[BlackTeamCountry "SRI"]

1. e4 e5 2. Nf3 Nc6 3. Bc4 Nf6 4. d3 h6 5. 0-0 d6 6. c3 g5 7. Nbd2 g4 8. Nh4 Nxe4 9. Nxe4 Qxh4 10. d4 Bg7 11. dxe5 Bxe5 12. g3 Qh5 13. f4 Bg7 14. Nf2 0-0 15. Be2 f5 16. h3 Qg6 17. hxg4 fxg4 18. Bxg4 Ne7 19. Kh2 Nf5 20. Rg1 Be6 21. Bd2 Qf6 22. Qf3 Rae8 23. Rae1 c6 24. Bh5 Bf7 25. Ne4 Qd8 26. Bxf7+ Rxf7 27. Qh5 d5 28. Nc5 b6 29. Rxe8+ Qxe8 30. Re1 Qd8 31. Ne6 Qf6 32. g4 1/2-1/2

[Event "FRM-ch op"]
[Site "Skopje"]
[Date "2022.05.02"]
[Round "6"]
[White "Risteski, Emil"]
[Black "Lazov, Toni"]
[Result "1/2-1/2"]
[WhiteElo "2374"]
[BlackElo "2377"]
[PlyCount "46"]
[EventDate "2022.04.29"]
[EventType "swiss"]
[EventRounds "9"]
[EventCountry "MKD"]
[SourceTitle "CBM 208 Extra"]
[Source "ChessBase"]
[SourceDate "2022.07.31"]
[SourceVersion "1"]
[SourceVersionDate "2022.07.31"]
[SourceQuality "1"]

1. e4 c5 2. Nf3 d6 3. Bb5+ Nd7 4. d4 cxd4 5. Nxd4 Ngf6 6. 0-0 a6 7. Bd3 e6 8. c4 Qc7 9. Nc3 b6 10. Qd2 Bb7 11. b3 Be7 12. Bb2 0-0 13. Rae1 Rfe8 14. Bb1 Bf8 15. f4 Rad8 16. Kh1 g6 17. f5 Bg7 18. fxe6 fxe6 19. Nf3 Ng4 20. Qf4 Nde5 21. Qg3 Nxf3 22. Qxf3 Ne5 23. Qh3 Qe7 1/2-1/2